000 00435nam a2200133 a 4500
008 120416s1962 ||||||||||||||||| || u
050 _aPS 3515.E37T6
100 _aHemingway, Ernest
245 1 0 _aTo have and have not
260 _aHarmondsworth
_bPenguin
_c1962
300 _a206p.
350 _a0.00
995 _D0.00
_FCBU-MAIN LIBRARY (Kitwe)
_H1
_I3.00
_M1
_UDAMAGED
_ZFiction Collection
999 _c59943
_d59943